000 00650 a2200205 4500
010 _aENG-88900
020 _c500.00
_a9788189239541
035 _aEN-72433
037 _bDBAD / PUB
082 1 4 _a001.42
090 _c9641
_d9641
100 1 _aNarula, Sanjay
245 1 _aResearch methodology /
_cby Sanjay Narula
260 _aNew Delhi
_bMurari Lal & Sons
_c2007
270 _a4378/4B, Ansari Road, Darya Ganj,
_bNew Delhi
_e110 002
300 _av, 248p. :
_c22cm (Hb)
500 _aIncludes index
942 _adpl
_cEN
_k001.42 / NAR
999 _c9466
_d9466